• 首页
  • 本馆介绍
  • 公告通知
  • 最新文献
  • 馆藏检索
  • 电子资源
  • 读者导购
  • 参考咨询
  • 我的图书馆
  • 登录
  • 详细信息显示
  • 放入我的书架
  • 预约/预借图书
  • 作者相关作品
  • 分类相关作品
  • 丛书相关作品
  • 出版社相关作品

书目信息

  • 表格格式
  • 工作单格式
  • 卡片格式
题名:
脉学阐微
    
 
作者: 邢锡波 著
分册:  
出版信息: 石家庄   河北人民出版社  1979
页数: 86页
开本: 19cm
丛书名:
单 册:
中图分类: R241.1
科图分类:
主题词: 脉学
电子资源:
ISBN:
000 00540nam0 2200217 45
001 0179008799
005 20060820101831.21
010    @dCNY0.26
091    @a14086.100
100    @a19950807d1979 em y0chiy0121 ea
101 0  @achi
102    @aCN@b130000
105    @ay z 000yy
200 10 @a脉学阐微@Amai xue chan wei@f邢锡波著
210    @a石家庄@c河北人民出版社@d1979
215    @a86页@d19cm
606    @a脉学
690    @aR241.1@v3
701  0 @a邢锡波@Axing xi bo@4著
801  0 @aCN@bTSSF@c20060820
905    @a10447@dR241.1@e150
    
    脉学阐微/邢锡波著.-石家庄:河北人民出版社,1979
    86页;19cm
    
    
    ISBN :CNY0.26
    
●
相关链接 在E读中查询图书 在五车中查询图书 在当当中查询图书 在豆瓣中查询图书


正题名:脉学阐微     索取号:R241.1/150         预约/预借

序号 登录号 条形码 馆藏地/架位号 状态 备注
1 0452104   204521044   密集书库/ [索取号:R241.1/150] 在馆    
2 0452105   204521053   密集书库/ [索取号:R241.1/150] 在馆    
3 0470308   204703080   密集书库/ [索取号:R241.1/150] 在馆    
唐山师范学院图书馆 欢迎您!
大连网信软件有限公司© 版权所有